Sports Quiz

Random Sports or NBA Quiz

Big 4 Sports 'Criminals' Quiz Stats

Quiz Updated Oct 13, 2016

Challenge
Share
Tweet
Embed
Score 0/41 Timer 08:00
1 Play Today
Hint Answer % Correct
All-Time MLB Base StealersRickey Henderson
84.6%
All-Time NBA Steals LeadersMichael Jordan
82.2%
All-Time NBA Steals LeadersJohn Stockton
82%
All-Time NBA Steals LeadersJason Kidd
71.9%
All-Time NBA Steals LeadersKarl Malone
60.9%
All-Time NBA Steals LeadersGary Payton
59.4%
All-Time MLB Base StealersTy Cobb
58.1%
All-Time NBA Steals LeadersScottie Pippen
55%
All-Time NFL Interception LeadersEd Reed
54.7%
All-Time MLB Base StealersLou Brock
51.8%
All-Time NBA Steals LeadersClyde Drexler
50.1%
All-Time NFL Interception LeadersRod Woodson
48.9%
All-Time MLB Base StealersTim Raines
39.9%
All-Time NBA Steals LeadersHakeem Olajuwon
35%
All-Time MLB Base StealersVince Coleman
33.1%
All-Time NFL Interception LeadersRonnie Lott
32.6%
All-Time NFL Interception LeadersDarren Sharper
29.9%
All-Time MLB Base StealersHonus Wagner
29.5%
All-Time NHL Penalty Minute LeadersTiger Williams
23.3%
All-Time NFL Interception LeadersDick 'Night Train' Lane
23.2%
All-Time NBA Steals LeadersMaurice Cheeks
17.7%
Hint Answer % Correct
All-Time NHL Penalty Minute LeadersTie Domi
17.7%
All-Time NFL Interception LeadersEmmitt Thomas
15.1%
All-Time NHL Penalty Minute LeadersBob Probert
14.3%
All-Time NBA Steals LeadersAlvin Robertson
12.1%
All-Time NHL Penalty Minute LeadersMarty McSorley
10.1%
All-Time MLB Base StealersEddie Collins
9.6%
All-Time NFL Interception LeadersDave Brown
9.5%
All-Time NFL Interception LeadersPaul Krause
9%
All-Time NHL Penalty Minute LeadersDale Hunter
9%
All-Time NHL Penalty Minute LeadersTim Hunter
8.9%
All-Time NFL Interception LeadersDick LeBeau
8.5%
All-Time MLB Base StealersBilly Hamilton
8.4%
All-Time NHL Penalty Minute LeadersRob Ray
7.5%
All-Time NFL Interception LeadersEmlen Tunnell
4.5%
All-Time NHL Penalty Minute LeadersChris Nilan
4.2%
All-Time NHL Penalty Minute LeadersRick Tocchet
3.8%
All-Time MLB Base StealersMax Carey
3%
All-Time NFL Interception LeadersKen Riley
3%
All-Time NHL Penalty Minute LeadersCraig Berube
2.4%
All-Time MLB Base StealersArlie Latham
1.4%

You're not logged in!

Compare scores with friends on all Sporcle quizzes.
Join for Free
OR
Log In

You Might Also Like...

Show Comments

Extras

Top Quizzes Today


Score Distribution

Your Account Isn't Verified!

In order to create a playlist on Sporcle, you need to verify the email address you used during registration. Go to your Sporcle Settings to finish the process.

Report this User

Report this user for behavior that violates our Community Guidelines.

Details: